|
|
|
|
| LEADER |
00000nam0a2200000 4500 |
| 001 |
244755 |
| 005 |
20231101232057.0 |
| 035 |
|
|
|a (RuTPU)RU\TPU\book\266148
|
| 090 |
|
|
|a 244755
|
| 100 |
|
|
|a 20131028d1977 k y0rusy50 ca
|
| 101 |
0 |
|
|a rus
|
| 102 |
|
|
|a RU
|
| 105 |
|
|
|a a z 001zy
|
| 200 |
1 |
|
|a Разломы и горизонтальные движения платформенных областей СССР
|f Академия наук СССР (АН СССР), Геологический институт (ГИН) ; под ред. А. И. Суворова
|
| 210 |
|
|
|a Москва
|c Наука
|d 1977
|
| 215 |
|
|
|a 144 с.
|c ил.
|
| 320 |
|
|
|a Библиография в конце глав.
|
| 606 |
1 |
|
|a Платформы
|x (геология)
|2 stltpush
|3 (RuTPU)RU\TPU\subj\49207
|9 68010
|
| 610 |
1 |
|
|a теория
|
| 610 |
1 |
|
|a глубинные разломы
|
| 610 |
1 |
|
|a мобилизм
|
| 610 |
1 |
|
|a покровные структуры
|
| 610 |
1 |
|
|a докембрийские платформы
|
| 610 |
1 |
|
|a СССР
|
| 610 |
1 |
|
|a эпипалеозойские плиты
|
| 675 |
|
|
|a 551.242.5
|v 3
|
| 702 |
|
1 |
|a Суворов
|b А. И.
|4 340
|
| 712 |
0 |
2 |
|a Академия наук СССР (АН СССР)
|b Геологический институт (ГИН)
|c (Москва)
|2 stltpush
|3 (RuTPU)RU\TPU\col\11354
|
| 801 |
|
1 |
|a RU
|b 63413507
|c 20131028
|
| 801 |
|
2 |
|a RU
|b 63413507
|c 20131204
|g RCR
|
| 942 |
|
|
|c BK
|